Exploring digital workflow [

Bibliographic Details
Main Author: Dolin, Penny Ann
Format: Book
Language:English
Published: Australia : Thomson , 2006
Series:Design exploring series
Subjects:

MARC

LEADER 00000cam a2200000 7i4500
001 0000022517
005 20091207.0
008 091207 a e eng
020 |a 9781401896546 
040 |a INS 
090 0 0 |a CD 349 
100 1 |a Dolin, Penny Ann 
245 1 0 |a Exploring digital workflow [  |h electronic resources]   |c Penny Ann Dolin 
260 |a Australia :   |b Thomson ,   |c 2006 
300 |a 1 computer optical disc :   |b col., sd., ill. ;   |c 4 3/4 in. 
440 0 |a Design exploring series 
500 |a Includes index 
650 0 0 |a Databeses 
650 0 0 |a Digital media 
650 0 0 |a Electronic publishing 
650 0 0 |a Web sites development 
999 |a CD00000349   |b CD-ROM   |c Media Collection   |e Default branch